000 03213cam a2200625 a 4500
001 16642446
003 OSt
005 20230606091623.0
008 110208s2007 lu z i000 0 eng d
010 _a 2011371385
016 7 _a015628388
_2Uk
020 _a9789279070716
020 _a9279070711
035 _a(OCoLC)ocn495871028
040 _aCEF
_beng
_cCEF
_dPAU
_dCOD
_dOKU
_dYLS
_dOCLCF
_dOCLCA
_dUKMGB
_dOCLCO
_dDLC
042 _alccopycat
043 _ae------
_ad------
082 _a346.0682
_bACP
130 0 _aCotonou Agreement
_d(2000 June 23)
245 1 0 _aPartnership agreement ACP-EC :
_bsigned in Cotonou on 23 June 2000, revised in Luxembourg on 25 June 2005.
246 3 _aPartnership agreement African, Caribbean and Pacific States-European Commission
250 _a[2005 rev. ed.].
260 _aLuxembourg :
_bOffice for Official Publications of the European Communities,
_c2007.
300 _a1 v. (various pagings) ;
_c21 cm.
490 1 _aDevelopment ;
_vDE-132
500 _aCover title.
500 _a"European Commission, Directorate-General for Development and relations with African, Caribbean and Pacific States"--T.p. verso.
500 _a"NH-72-07-063-EN-C"--P. [4] of cover.
530 _aAlso available online.
610 2 0 _aEuropean Union
_zDeveloping countries.
610 2 7 _aEuropean Union.
_2fast
_0(OCoLC)fst00916630
650 0 _aEconomic assistance, European
_zDeveloping countries.
650 0 _aSustainable development
_xLaw and legislation
_zDeveloping countries.
650 0 _aEconomic assistance
_zDeveloping countries.
650 0 _aEconomic policy
_xInternational cooperation
_vTreaties.
650 0 _aInternational cooperation
_vTreaties.
650 7 _aEconomic assistance.
_2fast
_0(OCoLC)fst00901592
650 7 _aEconomic assistance, European.
_2fast
_0(OCoLC)fst00901703
650 7 _aEconomic policy
_xInternational cooperation.
_2fast
_0(OCoLC)fst00902041
650 7 _aInternational cooperation.
_2fast
_0(OCoLC)fst00976857
650 7 _aInternational economic relations.
_2fast
_0(OCoLC)fst00976891
650 7 _aSustainable development
_xLaw and legislation.
_2fast
_0(OCoLC)fst01139748
651 0 _aEuropean Union countries
_xForeign economic relations
_zDeveloping countries.
651 0 _aDeveloping countries
_xForeign economic relations
_zEuropean Union countries.
651 7 _aDeveloping countries.
_2fast
_0(OCoLC)fst01242969
651 7 _aEurope
_zEuropean Union countries.
_2fast
_0(OCoLC)fst01269470
655 7 _aTreaties.
_2fast
_0(OCoLC)fst01423868
655 7 _aTreaties.
_2lcgft
710 2 _aEuropean Commission.
_bDirectorate-General for Development and Relations with African, Caribbean and Pacific States.
830 0 _aDevelopment (European Commission. Directorate-General for Development) ;
_vDE 132.
856 4 1 _uhttp://bookshop.europa.eu/is-bin/INTERSHOP.enfinity/WFS/EU-Bookshop-Site/en_GB/-/EUR/ViewPDFFile-OpenPDFFile?FileName=NH7207063ENC_002.pdf&SKU=NH7207063ENC_PDF
_zConnect to online resource
906 _a7
_bcbc
_ccopycat
_d2
_encip
_f20
_gy-gencatlg
942 _2ddc
_cBK
999 _c521
_d521